000 nam a22 7a 4500
999 _c9302
_d9302
008 180125b ||||| |||| 00| 0 eng d
100 _aThatte.R.Shendre
_95558
245 _aA Drug is Born
260 _aNew Delhi
_bNational
_c2000